000 01008nac a22003017a 4500
001 BR9901543
003 BR-BrBNA
005 20240105122203.0
008 230509b bl.|||m| |||| 00| 0 por d
040 _aBR-BrBNA
_bpor
_cBiblioteca Nacional de Agricultura
072 _aL10
090 _a5213 BR9901543
100 1 _aVerneque, R. da S.
100 1 _aTeodoro, R.L.
100 1 _aMartinez, M.L.
110 1 _aCentro Nacional de Pesquisa de Gado de Leite, Juiz de Fora, MG (Brasil)
_91776
245 1 _aMelhoramento genetico das racas Gir e Guzera pelo teste de progenie
260 3 _aJuiz de Fora, MG (Brasil):
_c1998.
300 _a28 p.
490 _aDocumentos - Centro Nacional de Pesquisa de Gado de Leite (Brazil)
_vno. 70
_xISSN 0101-0581
500 _a8 ref.; 5 illus.; 8 tables
650 _aGado Gir
650 _aGado Guzera
650 _aMelhoramento Genetico Animal
650 _aTeste de Progenie
909 _a202312
_bLúcia Elande
_c55
_dLúcia Elande
942 _2AGRIS
_n0
_cMS
999 _c289688
_d289688